Godel, Escher, Bach : an eternal golden braid.

Αποθηκεύτηκε σε:
Λεπτομέρειες βιβλιογραφικής εγγραφής
Κύριος συγγραφέας: Hofstadter, Douglas R.
Μορφή: Βιβλίο
Έκδοση: Penguin
Ετικέτες: Προσθήκη ετικέτας
Δεν υπάρχουν, Καταχωρήστε ετικέτα πρώτοι!

MARC

LEADER 00000nam a2200000Ia 4500
005 20260515061617.0
100 |a Hofstadter, Douglas R. 
020 |a 9780465026562 
942 |c BK 
245 |a Godel, Escher, Bach : an eternal golden braid. 
260 |b Penguin 
999 |c 61  |d 61 
952 |0 0  |1 0  |4 0  |7 0  |a ABDN  |b ABDN  |d 2026-05-15  |l 0  |p 000086  |r 2026-05-15 06:16:17  |w 2026-05-15  |y BK